Critique de la Raison Pratique

Αποθηκεύτηκε σε:
Λεπτομέρειες βιβλιογραφικής εγγραφής
Κύριος συγγραφέας: Kant, Emmanuel
Μορφή: Βιβλίο
Γλώσσα:Undetermined
Έκδοση: París, Francia Presses Universitaires de France 1949
Θέματα:
Ετικέτες: Προσθήκη ετικέτας
Δεν υπάρχουν, Καταχωρήστε ετικέτα πρώτοι!

MARC

LEADER 00000nam a2200000Ia 4500
008 170316s9999 xx 000 0 und d
090 |a 100 K-1ci 
100 |a Kant, Emmanuel 
245 |a Critique de la Raison Pratique 
260 |a París, Francia 
260 |b Presses Universitaires de France 
260 |c 1949 
300 |a 192 páginas 
650 |a FILOSOFÍA 
999 |c 16653  |d 16653 
040 |a cru BVZT 
942 |c 15 D  |h 100 K-1ci  |2 z